00679cam a22001937a 4500003000500000005001700005008004100022010001000063011001000073035001000083040000900093100003700102245012300139260004000262300002200302502008700324650003400411710004000445CHAP20220817043232.0971013s1986 r 00010 d a69208 a70180 a79660 cCHAP00aGonzález Hernández, Rogelio.10aOperatividad de la Asegura Nacional Agrícola y Ganadera, S. A. en el área de influencia de la oficina Cuauhtémoc aChihuahua, Chih. :bEl autor,c1986 a48 h.b; gráfs. aTesis (Ing. Agrónomo Esp. en Zonas Aridas) -- UACH. Departamento de Zonas Aridas14aSeguro agrícolaxChihuahua.0 aUACH. Departamento de Zonas Aridas.